UM Logo

Qualitative educational research : (Record no. 1375)

MARC details
000 -LEADER
fixed length control field 00627nam a22001697a 4500
008 - FIXED-LENGTH DATA ELEMENTS--GENERAL INFORMATION
fixed length control field 160322b xxu||||| |||| 00| 0 eng d
020 ## - INTERNATIONAL STANDARD BOOK NUMBER
International Standard Book Number 978-0-415-95796-0
082 ## - DEWEY DECIMAL CLASSIFICATION NUMBER
Edition number 2010
Classification number DC 370.72
Item number Q25
245 ## - TITLE STATEMENT
Title Qualitative educational research :
Remainder of title readings in reflexive methodology and transformative practice /
Statement of responsibility, etc. edited by Wendy Luttrell
260 ## - PUBLICATION, DISTRIBUTION, ETC. (IMPRINT)
Place of publication, distribution, etc. New York, NY :
Name of publisher, distributor, etc. Routledge,
Date of publication, distribution, etc. c2010.
300 ## - PHYSICAL DESCRIPTION
Extent xi, 507 pages ;
Dimensions 25 cm
500 ## - GENERAL NOTE
General note Includes index.
650 #0 - SUBJECT ADDED ENTRY--TOPICAL TERM
9 (RLIN) 4127
Topical term or geographic name as entry element Education
General subdivision Research
Geographic subdivision United States
General subdivision Methodology
650 #0 - SUBJECT ADDED ENTRY--TOPICAL TERM
9 (RLIN) 4128
Topical term or geographic name as entry element Qualitative research
Geographic subdivision United States
365 ## - TRADE PRICE
Price amount 3,888.00
Currency code Php
942 ## - ADDED ENTRY ELEMENTS (KOHA)
Source of classification or shelving scheme Dewey Decimal Classification
Koha item type Circulation
Holdings
Withdrawn status Lost status Source of classification or shelving scheme Damaged status Not for loan Collection code Home library Current library Date acquired Source of acquisition Total Checkouts Full call number Barcode Date last seen Copy number Cost, replacement price Price effective from Koha item type
    Dewey Decimal Classification     Circulation UM Digos College - LIC UM Digos College - LIC 09/24/2010 Purchased   DC 370.72 Q25 2010 21122 05/15/2025 1 3888.00 03/22/2016 Circulation